Vývoj účtovníctva na Slovensku

Účtovníctvo sa začalo rozvíjať už v dávnych časoch. Aj keď nemalo podobu dnešného účtovníctva, „podnikatelia“ tej doby uskutočňovali účtovné záznamy primitívnym spôsobom, ako napríklad zárezmi do kameňov, dreva, či uzlami na látkach. Vývojom spoločnosti sa vyvíjalo aj účtovníctvo, kde v roku 1494 bo...

ver descrição completa

Na minha lista:
Detalhes bibliográficos
Autor principal: Kopčáková, Janka, 1994-
Formato: Capítulo de Livro
Idioma:eslovaco
Assuntos:
Tags: Adicionar Tag
Sem tags, seja o primeiro a adicionar uma tag!

MARC

LEADER 00000naa$a2200000$$$4500
001 0305949
005 20250109092317.6
041 0 |a slo 
044 |a SK 
245 1 0 |a Vývoj účtovníctva na Slovensku  |c Janka Kopčáková 
520 |a Účtovníctvo sa začalo rozvíjať už v dávnych časoch. Aj keď nemalo podobu dnešného účtovníctva, „podnikatelia“ tej doby uskutočňovali účtovné záznamy primitívnym spôsobom, ako napríklad zárezmi do kameňov, dreva, či uzlami na látkach. Vývojom spoločnosti sa vyvíjalo aj účtovníctvo, kde v roku 1494 boli v Benátkach položené základy podvojného účtovníctva. Následný vývoj účtovníctva viedol k rozčleňovaniu účtovných sústav na dve, ktoré sa zachovali až dodnes. 
610 2 0 |a účtovníctvo 
610 2 0 |a história 
610 2 0 |a digitalizácia 
610 2 0 |a rozvoj hospodársky 
610 2 0 |a trh 
100 1 |a Kopčáková, Janka, 1994-